000 004280000a22001810004500
003 LK-CoMWRAF
008 230817t ||||| |||| 00| 0 eng d
040 _aLK-CoMWRAF
_dLK-CoMWRAF
_eLK-CoMWRAF
041 _aeng
082 _a370
_bBAS
100 _aBasnayaka, Shriyani
245 _aPavul selasum krama
_b
260 _aColombo
_bSLPSS
_c
300 _ap.16
650 _afamily planning
650 _asinhala
942 _cBK
999 _c2977
_d2977